Оптические методы определения урана и тория: учебное пособие

Dettagli Bibliografici
Ente Autore: Национальный исследовательский Томский политехнический университет (ТПУ)
Altri autori: Жерин И. И. Иван Игнатьевич (редактор)
Riassunto:В основу учебного пособия положен курс лекций по физико-химическим методам определения. Рассмотрены принципы контроля продукции на производстве, методы подготовки проб для анализа, оптические методы анализа, применяемые для определения урана и тория в различных объектах. Пособие разработано в рамках реализации Инновационной образовательной программы ТПУ по направлению «Атомная энергетика, ядерный топливный цикл, безопасное обращение с радиоактивными отходами и отработанным ядерным топливом, обеспечение безопасности и противодействие терроризму» и рассчитано на магистрантов, обучающихся по программе «Технология материалов современной энергетики» направления 550800 «Химическая технология и биотехнология», и на студентов, обучающихся по специальности 240600 «Химическая технология материалов современной энергетики», может быть использовано при подготовке студентов нехимических специальностей физико-технических факультетов высших учебных заведений.
Lingua:russo
Pubblicazione: Томск, Изд-во ТПУ, 2009
Edizione:2-е изд.
Soggetti:
Natura: MixedMaterials Libro
KOHA link:https://koha.lib.tpu.ru/cgi-bin/koha/opac-detail.pl?biblionumber=186851

MARC

LEADER 00000nam0a2200000 4500
001 186851
005 20240114112031.0
010 |a 5982982997 
035 |a (RuTPU)RU\TPU\book\202726 
035 |a RU\TPU\book\194758 
090 |a 186851 
100 |a 20101103d2009 m y0rusy50 ca 
101 0 |a rus 
102 |a RU 
105 |a a j 001zy 
200 1 |a Оптические методы определения урана и тория  |e учебное пособие  |f Томский политехнический университет (ТПУ) ; под ред. И. И. Жерина 
205 |a 2-е изд. 
210 |a Томск  |c Изд-во ТПУ  |d 2009 
215 |a 134 с.  |c ил. 
320 |a Библиогр.: с. 127-128. 
330 |a В основу учебного пособия положен курс лекций по физико-химическим методам определения. Рассмотрены принципы контроля продукции на производстве, методы подготовки проб для анализа, оптические методы анализа, применяемые для определения урана и тория в различных объектах. Пособие разработано в рамках реализации Инновационной образовательной программы ТПУ по направлению «Атомная энергетика, ядерный топливный цикл, безопасное обращение с радиоактивными отходами и отработанным ядерным топливом, обеспечение безопасности и противодействие терроризму» и рассчитано на магистрантов, обучающихся по программе «Технология материалов современной энергетики» направления 550800 «Химическая технология и биотехнология», и на студентов, обучающихся по специальности 240600 «Химическая технология материалов современной энергетики», может быть использовано при подготовке студентов нехимических специальностей физико-технических факультетов высших учебных заведений. 
452 1 |0 (RuTPU)RU\TPU\book\200638  |t Оптические методы определения урана и тория  |o учебное пособие  |f Томский политехнический университет (ТПУ) ; под ред. И. И. Жерин  |e 2-е изд.  |c Томск  |n 1 компьютерный файл (pdf; 6.0 Mb)  |d 2008 
606 1 |a Аналитическая химия  |x Оптические методы  |2 stltpush  |3 (RuTPU)RU\TPU\subj\29002  |9 52420 
606 1 |a Уран  |x Определение  |2 stltpush  |3 (RuTPU)RU\TPU\subj\63169  |9 80211 
606 1 |a Торий  |x Определение  |2 stltpush  |3 (RuTPU)RU\TPU\subj\61035  |9 78243 
610 1 |a производственный контроль 
610 1 |a спектроскопия 
610 1 |a адсорбционные методы 
610 1 |a фотоколориметрия 
610 1 |a спектрофотометрия 
610 1 |a люминесцентные методы 
610 1 |a люминесценция 
610 1 |a эмиссионный спектральный анализ 
610 1 |a рентгено-флуоресцентный анализ 
610 1 |a учебные пособия 
610 1 |a труды учёных ТПУ 
610 1 |a физико-химические методы 
610 1 |a химическая технология 
610 1 |a биотехнологии 
675 |a 543.4(075.8)  |v 3 
675 |a 546.791(075.8)  |v 3 
675 |a 546.795(075.8)  |v 3 
702 1 |a Жерин  |b И. И.  |c российский химик  |c профессор Томского политехнического университета, доктор химических наук  |f 1955-  |g Иван Игнатьевич  |3 (RuTPU)RU\TPU\pers\25854  |4 340  |9 11723 
712 0 2 |a Национальный исследовательский Томский политехнический университет (ТПУ)  |c (2009- )  |3 (RuTPU)RU\TPU\col\15902 
801 1 |a RU  |b 63413507  |c 20100426 
801 2 |a RU  |b 63413507  |c 20160405  |g RCR 
942 |c BK